[Event "EICC 2017"]
[Site "Minsk"]
[Date "2017.06.05"]
[Round "6"]
[White "Lomasov, Semen"]
[Black "Alekseev, Evgeny"]
[Result "1/2-1/2"]
[WhiteElo "2493"]
[BlackElo "2610"]
[Annotator "TA"]
[PlyCount "50"]
[EventDate "2017.??.??"]
[EventCountry "BLR"]
[SourceTitle "playchess.com"]
[Source "ChessBase"]
[SourceQuality "1"]

{[%evp 17,50,6,21,-6,9,3,20,-12,1,0,0,-2,0,-12,-6,-19,24,22,22,4,6,-6,7,8,15,5,16,10,22,12,31,7,50,11,25]} 1. d4 d5 2. Bf4 Nf6 3. e3 c5 4. c3 Nc6 5. Nd2 e6 6. Ngf3 cxd4 7. exd4 {D02: 1 d4 d5 2 Nf3 sidelines, including 2...Nf6 3 g3 and 2...Nf6 3 Bf4} Nh5 8. Be3 Bd6 9. Ne5 g6 {LiveBook: 15 Games} 10. Bb5 (10. Ndf3 {looks sharper.} f6 11. Ng4 O-O 12. Bh6 Re8 13. h3) 10... Qc7 11. O-O O-O $146 (11... f6 $5 {[%cal Rf6e5]} 12. Nef3 O-O $11) ({Predecessor:} 11... f6 12. Nef3 O-O 13. c4 a6 14. Ba4 dxc4 15. Nxc4 {½-½ (43) Dominguez Perez,L (2723)-Kryvoruchko,Y (2682) Varadero 2016}) 12. f4 f6 13. Nd3 Ng7 14. Nf3 Na5 15. Qe2 Nc4 16. Ba4 Bd7 (16... Be7 {is interesting.} 17. Bc2 b6 18. Bc1 Nd6 19. Nf2 a5) 17. Bxd7 Qxd7 18. Rae1 b6 19. Nd2 Na5 20. g4 Bc7 21. Bf2 Rae8 22. Bg3 Nb7 23. Qg2 Kh8 24. h3 Nd6 25. Re3 Qa4 {Precision: White = 22%, Black = 23%.} 1/2-1/2

[Event "EICC 2017"]
[Site "Minsk"]
[Date "2017.06.05"]
[Round "6"]
[White "Teterev, Vitaly"]
[Black "Ivanisevic, Ivan"]
[Result "0-1"]
[WhiteElo "2487"]
[BlackElo "2638"]
[Annotator "TA"]
[PlyCount "64"]
[EventDate "2017.??.??"]
[EventCountry "BLR"]
[SourceTitle "playchess.com"]
[Source "ChessBase"]
[SourceQuality "1"]

{[%evp 14,64,7,8,0,-10,6,-54,-52,-70,-23,-60,-47,-51,-54,-45,-56,-87,-43,-52,-45,-37,-53,-58,-63,-96,-108,-103,-89,-95,-88,-66,-16,-25,-7,-1,-6,-281,-257,-256,-266,-541,-529,-991,-921,-897,-950,-997,-998,-989,-952,-981,-375]} 1. Nf3 d5 2. g3 g6 3. Bg2 Bg7 4. d4 Nh6 5. c4 dxc4 6. Qa4+ {D02: 1 d4 d5 2 Nf3 sidelines, including 2...Nf6 3 g3 and 2...Nf6 3 Bf4} c6 7. Qxc4 Nf5 8. e3 $1 {LiveBook: 3 Games. The position is equal.} b6 (8... O-O 9. O-O Nd7 10. Nc3 e5 11. dxe5 Nxe5 12. Nxe5 Bxe5 13. Rd1 {½-½ (47) Fressinet,L (2712)-Edouard,R (2627) Calvi 2015}) 9. Qa4 Ba6 10. g4 $146 (10. Nc3 $11) ({Predecessor:} 10. Nc3 O-O 11. Bd2 Bd3 12. Bf1 Bxf1 13. Kxf1 {0-1 (42) Kortschnoj,V-Taimanov,M Santa Fe 1960}) 10... Nd6 $15 11. Ne5 O-O 12. Nc3 Qc8 (12... Bxe5 $5 13. dxe5 Nb7 $11) 13. h3 Bb7 14. O-O c5 15. Nd5 Qd8 16. Rd1 {Strongly threatening dxc5.} e6 17. Nf4 Bxg2 18. Kxg2 Qc7 19. dxc5 bxc5 20. Nc4 Nxc4 21. Qxc4 Qb7+ 22. f3 Nc6 23. Nd3 $1 Na5 24. Qxc5 Qa6 $36 {[%mdl 2048] Black has good play.} 25. Rb1 $2 {[%mdl 8192]} (25. Qa3 $1 $11 {and White stays safe.}) 25... Rac8 $19 26. Qa3 {[#] Bd2 is the strong threat.} Rfd8 $1 27. b4 $2 (27. Rd2 Rd7 28. b4) 27... Rc2+ {Black is clearly winning.} 28. Kg3 Qd6+ 29. f4 {[#]} Qc6 $1 {( -> ...Rg2+)} 30. Rd2 Rxd2 31. Bxd2 Nc4 32. Rc1 Qd5 $2 {Precision: White = 30%, Black = 78%.} (32... Qb5 33. Rxc4 Qxc4) 0-1

[Event "EICC 2017"]
[Site "Minsk"]
[Date "2017.06.05"]
[Round "6"]
[White "Gasanov, Eldar"]
[Black "Mchedlishvili, Mikheil"]
[Result "0-1"]
[WhiteElo "2484"]
[BlackElo "2605"]
[Annotator "TA"]
[PlyCount "84"]
[EventDate "2017.??.??"]
[EventCountry "BLR"]
[SourceTitle "playchess.com"]
[Source "ChessBase"]
[SourceQuality "1"]

{[%evp 25,84,49,46,46,36,42,27,41,56,45,39,13,61,28,52,41,57,17,48,0,10,20,28,0,15,0,0,-37,-43,-38,-35,-74,-66,-88,-75,-68,-18,-31,-16,-83,-76,-68,-65,-70,-66,-147,-102,-210,-203,-169,-202,-327,-312,-387,-351,-533,-504,-655,-645,-628,-620]} 1. d4 Nf6 2. c4 g6 3. f3 Bg7 4. e4 O-O 5. Be3 d6 6. Nc3 c5 7. Nge2 Nc6 8. d5 Ne5 9. Ng3 e6 10. Be2 exd5 11. cxd5 h5 12. O-O a6 13. a4 {[%cal Ba2a4,Ba4a5][%mdl 32]} Nh7 14. Qd2 {A65: Modern Benoni: 6 e4} h4 15. Nh1 {[%cal Bg3h1,Bh1f2,Bf2d3][%mdl 32]} f5 16. Nf2 {White has an edge.} Bd7 17. a5 {[#]} Qe7 $146 ({Predecessor:} 17... b5 18. axb6 Qxb6 19. f4 Nf7 20. e5 dxe5 21. Nd3 exf4 22. Rxf4 {½-½ (77) Cheparinov,I (2681)-Mikhalevski,V (2559) Jerusalem 2015}) 18. h3 Nf7 19. Rfe1 Rae8 20. Bf1 Qd8 21. Nd3 Qf6 22. Kh1 g5 $1 23. exf5 Bxf5 24. Bg1 Qg6 25. Rxe8 Rxe8 26. Re1 Rxe1 27. Nxe1 Nf6 {[%cal Bh7f6,Bf6h5,Bh5f4][%mdl 32]} 28. Bd3 Nh5 29. Bf2 Nf4 {[%cal Rf4d3]} 30. Bf1 Ne5 {[%cal Bf7e5,Be5d3,Bd3e1][%mdl 32]} 31. Nd1 Ned3 32. Be3 (32. Bxd3 $1 $11 Nxd3 33. Nxd3 Bxd3 34. Be3) 32... Nxe1 33. Qxe1 Qe8 $1 $36 {[%mdl 2048] Black has the initiative.} ({Reject} 33... Nxd5 $6 34. Bc4 $11) 34. Qd2 Qa4 35. Nc3 (35. Qe1 $15) 35... Qb4 36. Kg1 (36. Ne4 $17 {was worth a try.} Qxd2 37. Nxd2) 36... Bd4 $19 37. Bxd4 Qxd4+ 38. Qf2 (38. Qxd4 $142 cxd4 39. Ne4 Bxe4 40. fxe4) 38... Kg7 39. Be2 Kf6 40. Bf1 (40. Kf1 $142) 40... Ke5 {Black is clearly winning.} 41. Ne2 Nxe2+ 42. Bxe2 Kxd5 {Precision: White = 31%, Black = 73%.} 0-1

[Event "EICC 2017"]
[Site "Minsk"]
[Date "2017.06.05"]
[Round "6"]
[White "Minasian, Artashes"]
[Black "Kulaots, Kaido"]
[Result "1/2-1/2"]
[WhiteElo "2480"]
[BlackElo "2597"]
[Annotator "TA"]
[PlyCount "100"]
[EventDate "2017.??.??"]
[EventCountry "BLR"]
[SourceTitle "playchess.com"]
[Source "ChessBase"]
[SourceQuality "1"]

{[%evp 9,100,-8,-7,-10,-9,-6,4,-11,-11,-13,-2,-19,-11,-26,-34,-25,-16,-25,-16,-24,-22,-29,-19,-17,-8,-23,18,-57,-5,-16,-4,-41,-33,-45,-40,-66,-48,-81,-79,-69,-68,-74,-77,-71,-9,-40,-46,-48,-44,-52,-48,-54,-47,-59,-18,-19,-22,-28,-29,-56,-55,-55,-22,-78,-78,-88,-81,-75,-81,-143,-25,-35,-29,-25,0,-51,-48,-48,-44,-53,-1,-31,-16,-15,0,0,0,0,0,0,0,-3,0]} 1. e4 c5 2. f4 d5 3. Bb5+ (3. exd5 Nf6 4. Bb5+ Bd7 5. Bxd7+ Qxd7 6. c4 e6 7. Nf3 exd5 8. Ne5 Qd8 9. Qb3 Nbd7 10. Qxb7 Rb8 11. Qxa7 Ra8 12. Qb7 Rb8 13. Qc6 Rb6 14. Qa4 Bd6 15. cxd5 {1-0 (39) Navara,D (2727)-Moiseenko,A (2692) Wroclaw 2014}) 3... Bd7 4. Bxd7+ Qxd7 5. d3 Nc6 {LiveBook: 4 Games} 6. Nf3 {B21: Sicilian: 2 f4 and Morra Gambit} e6 7. O-O Nf6 8. Nc3 Be7 9. Ne5 Qc7 10. Nxc6 Qxc6 11. Qe2 $146 ({Predecessor:} 11. exd5 exd5 12. Re1 Rd8 13. f5 Rd7 14. Bg5 O-O 15. Qf3 {0-1 (30) Micayabas,M (2312)-Stripunsky,A (2575) Connecticut 2007}) 11... O-O 12. Bd2 dxe4 13. dxe4 c4 14. Kh1 Rad8 15. Rae1 Rd7 16. e5 Nd5 17. Ne4 Rfd8 18. Bc1 (18. f5 $11) 18... Bh4 (18... c3 $15) 19. g3 $11 Be7 $36 {[%mdl 2048] Black fights for an advantage.} 20. Rf3 Nc7 21. Kg2 b5 {[%cal Bb7b5,Bb5b4][%mdl 32]} 22. h4 b4 23. Nf2 Nb5 {...Nd4 is the strong threat.} 24. Qe4 Qa6 {Threatens to win with ...Nd4.} 25. Qxc4 Rc8 26. Qe2 Qa4 (26... Rdc7 $17 27. c3 Rc4) 27. Rd3 Rxd3 28. Qxd3 Rxc2 29. Be3 Nc7 30. Kh3 Nd5 31. Bd4 $1 Rc8 32. b3 Qxa2 33. Ra1 Qc2 34. Qxc2 Rxc2 35. Rxa7 h5 {White must now prevent ...Rd2.} 36. Ne4 (36. Ra1 $1 $11) 36... Kh7 $17 37. Nd6 {[#]} Rd2 $1 {[%cal Rd2d4]} 38. Bg1 Kg6 39. Ra6 (39. Nc8 $142 Bd8 40. Nd6) 39... Bxd6 (39... Rd3 $17 40. Kg2 Rxb3) 40. exd6 {[%mdl 4096] Endgame KRB-KRN} Nf6 41. Rb6 Rd3 42. Rxb4 ({White should play} 42. Kg2 $1 $11) 42... Rxd6 $15 43. Bd4 Nd5 44. Ra4 f6 (44... Rd7 $15) 45. Kg2 Kf5 46. Kf3 {The position is equal.} Rc6 47. Rc4 $1 {[%cal Rc4c6]} Ra6 {And now ...Ra3 would win.} 48. Ra4 Rc6 49. Rc4 $1 {[%cal Rc4c6]} Ra6 {aiming for ...Ra3.} 50. Ra4 Rc6 {Precision: White = 51%, Black = 49%.} 1/2-1/2

[Event "EICC 2017"]
[Site "Minsk"]
[Date "2017.06.05"]
[Round "6"]
[White "Girya, Olga"]
[Black "Romanov, Evgeny"]
[Result "1/2-1/2"]
[WhiteElo "2476"]
[BlackElo "2636"]
[Annotator "TA"]
[PlyCount "133"]
[EventDate "2017.??.??"]
[EventCountry "BLR"]
[SourceTitle "playchess.com"]
[Source "ChessBase"]
[SourceQuality "1"]

{[%evp 16,133,55,39,41,27,53,41,69,50,83,47,58,52,73,76,68,52,100,91,120,77,127,31,33,35,44,31,27,24,27,26,25,-10,0,-58,-50,-68,-59,-78,-66,-54,-35,-25,-24,-21,29,-116,-131,-179,-177,-171,-170,-164,0,-164,-160,-172,-127,-228,0,-114,-98,-147,0,0,0,0,0,0,0,-26,-26,-26,-26,-26,-28,-28,-28,-28,-28,-28,-28,-28,-28,-28,-26,-31,-22,-34,-28,-28,-28,-28,-28,-28,-22,-22,-22,-22,-20,-21,-22,-22,-22,-22,-22,-22,-22,-22,-22,-22,-22,-22,-22,-22,-22,-22,-22,-22]} 1. d4 d6 2. Nf3 g6 3. e4 Bg7 4. c3 Nf6 5. Bd3 O-O 6. O-O Nc6 7. Re1 e5 8. h3 h6 9. Na3 Re8 {B07: Pirc Defence: Miscellaneous Systems} 10. Nc2 Nh5 (10... Bd7 11. Bd2 a5 12. dxe5 dxe5 13. Bb5 Qe7 14. Qe2 Nb8 15. Ne3 Bxb5 16. Qxb5 c6 17. Qd3 {1-0 (35) Ivanchuk,V (2753)-Giri,A (2734) Leon 2013}) 11. b4 {[%cal Bb2b4,Bb4b5][%mdl 32]} Qf6 $146 {White is slightly better.} ({Predecessor:} 11... a6 12. a4 Nf4 13. Bf1 f5 14. exf5 Bxf5 15. Ne3 Qf6 16. Nxf5 Qxf5 17. Nh4 Qf6 18. Bxf4 exf4 {1-0 (33) Zagrebelny,S (2480)-Khamdamov,S (2140) Teheran 1998}) 12. b5 Ne7 13. Bb2 exd4 14. cxd4 Nf4 15. Bf1 g5 16. Ne3 Qg6 {[#]} 17. Rc1 $1 c5 18. Qd2 b6 19. dxc5 (19. Nc4 $16) 19... Bxb2 $14 20. Qxb2 dxc5 21. Rcd1 Be6 22. Bc4 Bxc4 23. Nxc4 Rad8 24. Qb3 Qe6 25. Nfe5 ({Better is} 25. Kh2 $11) 25... Rxd1 $15 26. Rxd1 Ne2+ $1 27. Kh1 {Hoping for Rd6.} Nd4 28. Qa4 f6 29. Ng4 h5 30. Nge3 g4 31. h4 {[#]} (31. Qxa7 $11 {keeps the balance.} gxh3 32. Qxb6 hxg2+ 33. Kh2 Qxb6 34. Nxb6) 31... f5 $1 $36 {[%mdl 2048] White is under strong pressure.} 32. exf5 Qf6 33. Qxa7 Qxh4+ 34. Kg1 {aiming for Qd7.} Ne2+ {[%mdl 1024] Black has strong compensation.} 35. Kf1 Nc3 {[%cal Rh4h1]} 36. Ke1 Ne4 {[%csl Ge4][%cal Rh4f2]} ({Don't take} 36... Nxd1 37. Kxd1 Nc8 38. Qa8 $15) 37. Ke2 (37. Rd2 $17 {was called for.} Qh1+ 38. Ke2) 37... Nc3+ $2 (37... Qxf2+ $19 38. Kd3 Nxf5 39. Qxb6 Qxa2 40. Qg6+ Ng7 41. Qxe8+ Nxe8 42. Kxe4 Qa8+ 43. Kf4 Qb8+ 44. Kg5 Qxb5 45. Kxh5 Qb7 46. Kxg4 Nf6+ 47. Kf5 Nh5 48. Rd8+ Kh7) 38. Kd2 (38. Ke1 $1 $11 {was the only way to keep the balance.} Nxf5 39. Qd7) 38... Nxd1 39. Qd7 Kf8 ({Much weaker is} 39... Qxf2+ $6 40. Kxd1 Kf8 41. Nd6 $11) (39... Rf8 $17 40. Kxd1 Qf6) 40. Kxd1 $11 {Threatens to win with Nd6.} Qf6 (40... Ra8 $5 {[%cal Ra8a2]} 41. Qe6 Qh1+ 42. Kd2 Rxa2+ 43. Nc2 Qg1 44. Qh6+ Kg8 45. Qg5+ Kf8 46. Qh6+ Kg8 47. Qg5+ Kf8 48. Qh6+ $11) 41. Kc2 $1 Ra8 42. a3 h4 43. Kb3 h3 {Strongly threatening ...h2.} 44. Nxg4 Qxf5 45. Qxf5+ Nxf5 46. gxh3 {[%mdl 4096] Endgame KRN-KNN} Nd4+ 47. Kb2 Nxb5 48. Nxb6 Rxa3 {White must now prevent ...Rd3.} 49. Nd7+ Ke7 50. Nxc5 Rxh3 {...Kd6 is the strong threat.} 51. Ne3 Rh8 52. Ne4 Rc8 53. Nd5+ Ke6 54. Nec3 Nd4 55. Kc1 Rf8 56. f4 {The position is equal.} Rh8 57. Kd2 Rh3 {Threatening ...Rf3.} 58. Ne3 Nf5 59. Nxf5 Kxf5 {KR-KN} 60. Kc2 Kxf4 61. Kb3 Ke5 {( -> ...Kd4)} 62. Kc4 Rg3 63. Nd5 Rg4+ 64. Kc5 Rg1 {And now ...Rc1+ would win.} 65. Nc3 $1 Rg8 66. Kc4 Rd8 67. Nb5 {Precision: White = 63%, Black = 69%.} 1/2-1/2

[Event "EICC 2017"]
[Site "Minsk"]
[Date "2017.06.05"]
[Round "6"]
[White "Kantans, Toms"]
[Black "Shimanov, Aleksandr"]
[Result "1/2-1/2"]
[WhiteElo "2473"]
[BlackElo "2642"]
[Annotator "TA"]
[PlyCount "39"]
[EventDate "2017.??.??"]
[EventCountry "BLR"]
[SourceTitle "playchess.com"]
[Source "ChessBase"]
[SourceQuality "1"]

{[%evp 18,39,24,21,24,29,28,22,22,16,25,0,0,0,0,0,2,0,0,0,2,0,0,0]} 1. e4 c6 {[%cal Bc7c6,Bc6c5][%mdl 32]} 2. d4 d5 3. e5 Bf5 4. Nf3 e6 5. Be2 c5 6. Be3 Qb6 7. Nc3 Nc6 8. O-O {B12: Caro-Kann: Advance Variation} Qxb2 9. Qe1 cxd4 10. Bxd4 {LiveBook: 25 Games. White has an edge.} Nxd4 ({Don't blunder} 10... Qxc2 $2 11. Rc1 $18) ({Much worse is} 10... Bxc2 $6 11. Nb5 $16) 11. Nxd4 Bb4 $1 {[%cal Rb4c3,Bf8b4,Bb4a5,Ba5b6][%mdl 32]} 12. Ndb5 {Rb1 is the strong threat.} Ba5 $1 13. Rb1 Qxc2 14. Rb3 Ne7 {The position is equal.} 15. Nd6+ Kf8 {[#] White must now prevent ...d4.} 16. Nxb7 {[#]} Bb6 $146 17. Nd6 Ba5 18. Nb7 Bb6 19. Nd6 Ba5 20. Nb7 1/2-1/2

[Event "EICC 2017"]
[Site "Minsk"]
[Date "2017.06.05"]
[Round "6"]
[White "Santos Ruiz, Miguel"]
[Black "Ponkratov, Pavel"]
[Result "0-1"]
[WhiteElo "2473"]
[BlackElo "2590"]
[Annotator "TA"]
[PlyCount "94"]
[EventDate "2017.??.??"]
[EventCountry "BLR"]
[SourceTitle "playchess.com"]
[Source "ChessBase"]
[SourceQuality "1"]

{[%evp 20,94,39,23,33,-10,-9,-19,-17,-34,-12,-18,-20,-28,-12,-61,-68,-68,-60,-69,-60,-62,-60,-82,-70,-68,-72,-71,-62,-135,-80,-129,-145,-236,-236,-238,-223,-234,-233,-233,-224,-218,-195,-274,-279,-259,-217,-252,-222,-297,-297,-317,-277,-291,-225,-256,-273,-257,-256,-293,-289,-373,-394,-359,-354,-1149,-635,-1256,-779,-773,-750,-1608,-12827,-12819,-5302,-1930,-3837]} 1. e4 e5 2. Nf3 Nc6 3. Bb5 a6 4. Ba4 Nf6 5. d3 d6 6. c3 b5 7. Bc2 g6 {C77: Ruy Lopez: 3...a6 4 Ba4 Nf6, unusual lines} 8. O-O Bg7 9. h3 O-O 10. Be3 Bb7 11. Nbd2 {LiveBook: 6 Games} Nd7 12. d4 exd4 13. cxd4 Nb4 14. Bb3 c5 15. a3 $1 {[%cal Ra3b4]} Nc6 $1 {[%cal Rc6d4]} 16. Bd5 Rc8 17. Nb3 {[%cal Rd4c5]} c4 18. Nbd2 Nb6 19. Bxc6 $1 Bxc6 20. d5 Bd7 21. Bd4 Bxd4 22. Nxd4 Na4 23. b3 Qf6 $36 {[%mdl 2048] And now ...Nc3 would win. Black has some pressure.} 24. N4f3 ({White should play} 24. Ne2 $15 Nc3 25. Nxc3 Qxc3 26. bxc4) 24... Nb2 (24... Nc3 $142 25. Qc2 Ne2+ 26. Kh1 Nf4 27. bxc4 bxc4) 25. Qc2 c3 {[%cal Bc4c3,Bc3c2][%mdl 32]} 26. Nb1 {[#]} (26. Rac1 $17) 26... b4 $1 $19 {[%mdl 512]} 27. axb4 Bb5 {Strongly threatening ...Bd3.} 28. Re1 Nd3 29. Na3 Nxb4 ({Don't take} 29... Nxe1 30. Rxe1 Rfe8 31. Rd1 $17) 30. Qd1 c2 31. Qd4 (31. Qd2 $142 Qc3 32. Qh6) 31... Qxd4 32. Nxd4 Rc5 33. Rec1 {[%cal Rd4c2]} Rfc8 34. f3 Kg7 35. Naxb5 axb5 36. Kf2 Nd3+ 37. Ke3 Nxc1 38. Rxc1 {[%mdl 4096] Endgame [#] KRR-KRN} Kf6 $1 39. b4 Rc4 40. Nxb5 Rxb4 41. Nxd6 Rc5 42. f4 $2 (42. Kd3 Ke7 43. e5) 42... Rb3+ {Black is clearly winning.} 43. Ke2 {If White can now play e5+ this consolidates a bit.} Rb1 44. Kd2 Ke7 45. e5 Rxd5+ 46. Kxc2 Rxc1+ 47. Kxc1 f6 {Precision: White = 43%, Black = 86%.} 0-1

[Event "EICC 2017"]
[Site "Minsk"]
[Date "2017.06.05"]
[Round "6"]
[White "Costachi, Mihnea"]
[Black "Alekseenko, Kirill"]
[Result "0-1"]
[WhiteElo "2460"]
[BlackElo "2585"]
[Annotator "TA"]
[PlyCount "198"]
[EventDate "2017.??.??"]
[EventCountry "BLR"]
[SourceTitle "playchess.com"]
[Source "ChessBase"]
[SourceQuality "1"]

{[%evp 9,198,39,35,49,35,36,35,19,47,35,24,28,75,0,0,-14,48,45,63,73,99,96,105,102,109,90,84,81,87,45,98,0,0,-34,-8,-8,-10,-8,-8,-12,-6,-8,0,0,0,-6,-8,-8,-15,-35,-31,-63,-64,-72,-64,-98,-100,-138,-133,-186,-189,-187,-200,-327,-270,-293,-278,-254,-262,-387,-377,-376,-345,-312,-115,-123,-24,-193,0,0,0,0,-8,-8,0,0,0,0,0,0,0,0,404,-194,-194,-193,-193,-193,-193,-193,-193,-193,-193,-193,-193,-193,-193,-193,-193,-194,-194,-194,-194,-194,-193,-194,-194,-194,-194,-194,-194,-194,-194,-194,-9,-193,-193,-194,-194,-194,-194,-194,-194,-194,-194,-194,-194,-194,-194,-194,-194,-194,-194,-194,-194,-194,-194,-194,-194,-194,-194,-194,-194,-194,-194,-194,-194,-194,-194,-194,-190,-196,-196,-196,-196,-197,-212,-5081,-331,-29981,-29978,-29978,-29976,-29979,-29980,-29978,-29981,-29983,-29984,-29985,-29986,-29986,-29986,-29986,-29987,-29988,-29989,-29990,-29991,-29991,-29992]} 1. Nf3 d5 2. c4 dxc4 3. e3 Bg4 (3... Nf6 4. Bxc4 e6 5. O-O c5 6. b3 Nc6 7. Bb2 Be7 8. d4 cxd4 9. Nxd4 Nxd4 10. Qxd4 Qxd4 11. Bxd4 Bd7 12. Be2 Bc6 13. Nd2 O-O 14. Nc4 Bb5 15. Bf3 Nd5 {1-0 (59) Adhiban,B (2671)-Zubov,A (2606) Abu Dhabi 2016}) 4. Bxc4 e6 5. h3 Bh5 6. Qb3 {A09: Réti Opening: 1 Nf3 d5 2 c4} Bxf3 7. gxf3 Qc8 $146 ({Predecessor:} 7... b6 8. d4 Nf6 9. Nc3 Be7 10. d5 exd5 11. Nxd5 {½-½ (38) Tutov,N (1436)-Richter,K (1581) LSS email 2011}) 8. f4 {White is slightly better.} Ne7 9. Nc3 Nf5 10. d4 Nd7 11. Ne2 (11. d5 $1 $16 {[%cal Rd5e6]} Nc5 12. Qc2) 11... Be7 $11 12. Rg1 O-O (12... Nf6 $11) 13. e4 $1 $14 {[%cal Re4f5]} Nd6 14. f5 Nxe4 15. Bh6 Bf6 16. Qf3 Kh8 (16... Nb6 $2 17. Bxg7 Bg5 18. Bxf8 $18) 17. Qxe4 gxh6 18. fxe6 fxe6 19. Nf4 (19. Qxe6 Nb6 $17) 19... Nb6 20. Bd3 ({But not} 20. Bxe6 Qd8 $15) ({White should try} 20. Bb3 $1 $16) 20... Qd7 $11 21. O-O-O Rae8 {White should prevent ...e5.} 22. Nh5 $132 {[%mdl 2048] White is not keeping still} Qc6+ 23. Qxc6 bxc6 24. Nxf6 Rxf6 25. Rd2 Rf4 26. Bc2 Nc4 27. Rd3 Nd6 28. Rdg3 Rxf2 29. Rg7 {[%csl Gc2][%cal Rg7h7] [#]} Rf1+ $1 {[%mdl 512]} 30. Rxf1 Kxg7 $15 {[%mdl 4096] Endgame KRB-KRN} 31. Rg1+ Kf6 32. Kd2 Nf5 33. Kc3 Rd8 34. Rg4 (34. Bxf5 $17 exf5 35. Rc1) 34... h5 $1 $19 {[%cal Rh5g4]} 35. Rf4 Rg8 36. Be4 {[#]} (36. Rf3 {keeps fighting.}) 36... c5 $1 37. Bxf5 (37. dxc5 Ke5) 37... cxd4+ ({Weaker is} 37... exf5 38. dxc5 Rg3+ 39. Kd2 $17) 38. Rxd4 exf5 {KR-KR} 39. Ra4 (39. Kd2 $142) 39... Rg3+ 40. Kd4 Rxh3 41. Rxa7 h4 $2 (41... h6 $19 {has better winning chances.} 42. Rxc7 Rh2 43. Rc6+ Kg5) 42. Rxc7 $17 h5 (42... Rh2 $17 43. Rxh7 Rxb2) 43. b4 $2 (43. Rc2 $1 $11 {and White has nothing to worry.}) 43... Rh1 $2 ({Better is} 43... Rh2 $1 $19 44. a4 Rb2 45. Rc6+ Kg5) 44. Rc2 $1 $11 h3 {[%cal Bh4h3,Bh3h2][%mdl 32]} 45. b5 Kg5 46. Kc5 Rg1 47. a4 $1 Rg2 48. Rc1 h2 49. Rh1 Kg4 {White must now prevent ...Kh3.} 50. b6 Kg3 $2 {[%mdl 8192]} (50... Ra2 $1 $11 {and Black stays safe.}) 51. b7 $4 {[%mdl 8192]} (51. a5 $18 {is the narrow road to win.} Rg1 52. Rxh2 $1 {[%mdl 512]} (52. b7 Rxh1 53. b8=Q+ f4 $11) 52... Kxh2 53. b7 Rc1+ 54. Kd6 Rd1+ 55. Ke6) 51... Rb2 $19 52. Kc6 Kg2 53. Rxh2+ Kxh2 54. a5 {[#]} Rxb7 $1 55. Kxb7 {KPP-KP} f4 56. a6 {And now a7 would win.} f3 57. a7 f2 58. a8=Q {Hoping for Qa6.} f1=Q {KQ-KQ} 59. Qh8 Qb5+ 60. Ka7 Qa5+ 61. Kb7 Qg5 62. Kc8 h4 63. Qb2+ Kh3 64. Qc3+ Qg3 65. Qd2 Qf3 66. Kd8 Kg4 $2 (66... Qf6+ $19 67. Kd7 Qf3) 67. Qd4+ $2 (67. Qd7+ $11 Qf5 68. Qd4+ Kh5 69. Qh8+ Kg5 70. Qg7+ Kf4 71. Qd4+ Qe4 72. Qd2+ Qe3 73. Qd6+ Qe5 74. Qd2+ Kf5 75. Qd3+ Kf6 76. Qa6+ Kg5 77. Qd3) 67... Qf4 68. Qd1+ Kg5 {...h3 is the strong threat.} 69. Qd5+ Qf5 70. Qg8+ {[#]} Qg6 $1 {[%cal Rg6g8]} 71. Qd5+ {[#]} Kh6 $1 72. Qf3 Qd6+ 73. Kc8 Qe6+ 74. Kb7 h3 75. Qf4+ Kg6 76. Qg3+ Kf7 77. Qf4+ Ke8 {Threatens to win with ...Qf7+.} 78. Qg3 Kf8 79. Ka7 Qf5 80. Qd6+ Kf7 {Strongly threatening ...Qf2+.} 81. Qc7+ Kg6 82. Qd6+ Kh5 {aiming for ...Qf2+.} 83. Qg3 Qg4 84. Qe5+ Kg6 85. Qe8+ Kh7 {( -> ...h2)} 86. Qc6 Qg1+ 87. Kb8 Qg3+ 88. Ka7 $2 (88. Kc8) 88... h2 89. Qe4+ $2 (89. Kb7 $19 Qg7+ 90. Kc8) 89... Kh8 {Black mates.} 90. Ka6 Qa3+ 91. Kb5 Qb2+ 92. Kc4 Qc1+ 93. Kb3 h1=Q 94. Qe8+ Kg7 95. Qe5+ Kg6 96. Qe6+ Kg5 97. Qe7+ Kg4 98. Qe6+ Kg3 99. Qg6+ Kf2 {Precision: White = 46%, Black = 65%.} 0-1